Adán Buenosayres / (Record no. 16065)

MARC details
000 -LEADER
campo de control de longitud fija 00933nam a2200289 i 4500
001 - NÚMERO DE CONTROL
campo de control 16065
003 - IDENTIFICADOR DE NÚMERO DE CONTROL
campo de control ES-MaACL
005 - FECHA Y HORA DE LA ÚLTIMA TRANSACCIÓN
campo de control 20250813063257.0
007 - CAMPO FIJO DE DESCRIPCIÓN FÍSICA--INFORMACIÓN GENERAL
campo de control de longitud fija t|
008 - DATOS DE LONGITUD FIJA--INFORMACIÓN GENERAL
campo de control de longitud fija 000620s1999 sp ||||0| spa j
020 ## - NÚMERO INTERNACIONAL ESTÁNDAR DEL LIBRO
Número Internacional Estándar del Libro 84-89666-39-3
040 ## - FUENTE DE CATALOGACIÓN
Centro catalogador/agencia de origen M-BN
Lengua de catalogación spa
Centro/agencia transcriptor M-BN
080 ## - NÚMERO DE LA CLASIFICACIÓN DECIMAL UNIVERSAL
Número de la Clasificación Decimal Universal 821.134.2(82) Marechal, Leopoldo 7 Adán Buenosayres.06
080 ## - NÚMERO DE LA CLASIFICACIÓN DECIMAL UNIVERSAL
Número de la Clasificación Decimal Universal 821.134.2(82)-31"19"
100 0# - ENTRADA PRINCIPAL--NOMBRE DE PERSONA
Nombre de persona Marechal, Leopoldo,
Fechas asociadas al nombre 1900-1970
9 (RLIN) 76578
245 10 - MENCIÓN DEL TÍTULO
Título Adán Buenosayres /
Mención de responsabilidad, etc. Leopoldo Marechal ; coordinadores, Jorge Lafforgue, Fernando Colla.
250 ## - MENCION DE EDICION
Mención de edición 2ª ed.
260 ## - PUBLICACIÓN, DISTRIBUCIÓN, ETC.
Lugar de publicación, distribución, etc. [Madrid] :
Nombre del editor, distribuidor, etc. Allca XX,
Fecha de publicación, distribución, etc. 1999.
300 ## - DESCRIPCIÓN FÍSICA
Extensión 978 p. ;
Dimensiones 24 cm.
490 1# - MENCIÓN DE SERIE
Mención de serie Colección Archivos ;
Designación de volumen o secuencia 31
504 ## - NOTA DE BIBLIOGRAFÍA, ETC.
Nota de bibliografía, etc. Bibliografía: p [966]-978.
700 1# - ENTRADA AGREGADA--NOMBRE PERSONAL
Nombre de persona Lafforgue, Jorge.
9 (RLIN) 69490
700 1# - ENTRADA AGREGADA--NOMBRE PERSONAL
Nombre de persona Colla, Fernando.
9 (RLIN) 39648
830 0# - PUNTO DE ACCESO ADICIONAL DE SERIE-TÍTULO UNIFORME
Título uniforme Colección Archivos ;
Designación de volumen o secuencia 31
9 (RLIN) 178295
852 ## - LOCALIZACIÓN
Ubicación ES-MaACL
Número de control de estantería L-23265
Sublocalización o colección R.128431
Holdings
Estatus retirado Estado de pérdida Estado de daño No para préstamo Biblioteca de origen Biblioteca actual Ubicación en estantería Fecha de adquisición Fuente de adquisición Total de préstamos Signatura topográfica completa Código de barras Fecha de vencimiento Visto por última vez Fecha del último préstamo Precio de reemplazo Tipo de ítem Koha
        Biblioteca del Ateneo de Madrid Biblioteca del Ateneo de Madrid Depósito 2 17/01/2008   1 L-23265 1016326 14/12/2026 16/06/2026 16/06/2026 23/02/2023 Libro impreso